Clica no planeta - Statistics

Estatísticas Gerais
  • Esse quiz foi jogado 108 vezes
  • A pontuação média é 9 de 15
Respostas no mapa
Respostas codificadas por cores de uma escala verde-vermelha no mapa do quiz de acordo com a % correta abaixo.
 
Estatísticas das Respostas
Resposta % Correto
Terra
91%
Sol
85%
Saturno
84%
Júpiter
79%
Mercúrio
76%
Lua
73%
Marte
73%
Vênus
66%
Urano
63%
Netuno
61%
Plutão
40%
Ceres
28%
Makemake
19%
Haumea
16%
Éris
12%
Nenhum quiz correspondente encontrado
Distribuição das Pontuações
Porcentagem de Pessoas com Cada Pontuação
Percentil de Números Respondidos
Sua Pontuação Histórica
Você não jogou esse quiz